00587nam a2200169Ia 4500008004100000020002200041041000800063082001300071100003300084245004400117250000800161260003500169300001700204906001200221999001700233952016700250220530s9999 xx 000 0 und d a978-93-80836-40-9 aeng a820bSIN aSingh, Surendra Kumar956995 aDr.B.R. Ambedkar's Political Philosophy a1st aNew DelhibCentrum Pressc2011 aVII;304PbPB a135bGB c51617d51617 001040708Non Technical aCEWNbCEWNd2013-05-23eNagpur Popular Book Shopg900.00o820/SIN/ pCEWN-BK-4358r2022-05-30 00:00:00v765.00w2022-05-30yBKz004358